| 000 | 00647nam a2200241Ia 4500 | ||
|---|---|---|---|
| 001 | 53773 | ||
| 005 | 20240114005357.0 | ||
| 007 | ta | ||
| 008 | 110303s2001 g b000 u 346 u | ||
| 040 | _aCotton College,Assam | ||
| 041 | _a346 | ||
| 082 |
_a891.444 _bTe 299 Ra |
||
| 100 | _aTewari, Rambahal . | ||
| 245 | 0 |
_aRobindranath O Hindi Sahitya / _cRambahal Tewari. _hTextual Documents |
|
| 250 | _aist / | ||
| 260 |
_aCalcutta : _bKaruna Prakashani , _c2001. |
||
| 300 |
_a109pg ; _c20cm. |
||
| 653 | _aRobindranath O Hindi Sahitya | ||
| 653 | _aG-Bengali | ||
| 942 |
_2ddc _cBK |
||
| 999 |
_c53736 _d53736 |
||